[Event "Open Hradec Králové 2017"]
[Site "Hradec Králové"]
[Date "2017.10.01"]
[Round "1"]
[White "Svoboda, Frantisek"]
[Black "Geller, Jakov"]
[Result "0-1"]
[WhiteElo "1725"]
[BlackElo "2526"]
[PlyCount "56"]
[EventDate "2017.10.01"]

1. Nf3 d5 2. g3 Nf6 3. Bg2 c6 4. O-O Bf5 5. d3 e6 6. b3 h6 7. Bb2 Be7 8. Nbd2
O-O 9. c4 a5 10. Rc1 a4 11. Rc2 Na6 12. a3 axb3 13. Nxb3 Bh7 14. Nfd2 Re8 15.
Qa1 Ra7 16. cxd5 exd5 17. Bd4 Ra8 18. Qb2 Bf8 19. Bf3 Nd7 20. Rfc1 Nc7 21. Nc5
Nxc5 22. Bxc5 Nb5 23. Bxf8 Kxf8 24. Qb4+ Qe7 25. Nb1 Qxb4 26. axb4 Nd4 27. Bg4
Nxc2 28. Rxc2 Bxd3 0-1

[Event "Open Hradec Králové 2017"]
[Site "Hradec Králové"]
[Date "2017.10.01"]
[Round "1"]
[White "Plischki, Sebastian"]
[Black "Berka, Lubos"]
[Result "1-0"]
[WhiteElo "2397"]
[BlackElo "1719"]
[PlyCount "53"]
[EventDate "2017.10.01"]

1. c4 {[%emt 0:00:00]} Nf6 2. Nc3 g6 3. d4 d5 4. Nf3 Bg7 5. cxd5 Nxd5 6. e4
Nxc3 7. bxc3 O-O 8. Be2 c5 9. O-O Nc6 10. Be3 Qa5 11. Qb3 cxd4 12. cxd4 Rd8 13.
Rad1 Bg4 14. d5 Ne5 15. Qxb7 Nxf3+ 16. Bxf3 Bxf3 17. gxf3 Qxa2 18. Qxe7 Qe2 19.
Kg2 Re8 20. Qh4 Re5 21. Rd2 Qb5 22. d6 Qd7 23. Rc1 Rb5 24. Qg4 f5 25. exf5 Rxf5
26. Rc7 Qe6 27. Qe4 1-0

[Event "Open Hradec Králové 2017"]
[Site "Hradec Králové"]
[Date "2017.10.01"]
[Round "1"]
[White "Burdilak, Milan"]
[Black "Swicarz, Maciej"]
[Result "0-1"]
[WhiteElo "1708"]
[BlackElo "2363"]
[PlyCount "72"]
[EventDate "2017.10.01"]

1. d4 {[%emt 0:00:00]} f5 2. c4 Nf6 3. Nc3 d6 4. Nf3 g6 5. e3 Bg7 6. Bd3 O-O 7.
O-O Nc6 8. Re1 e5 9. dxe5 dxe5 10. Be2 e4 11. Qxd8 Rxd8 12. Nd2 Be6 13. a3 Nd7
14. f3 Bxc3 15. bxc3 Nc5 16. fxe4 fxe4 17. Rd1 Na5 18. Bb2 Rd7 19. Nf1 Rad8 20.
Rd4 Na4 21. Rb1 c5 22. Rxd7 Rxd7 23. Kf2 h5 24. h3 Bxc4 25. Ke1 Bxe2 26. Kxe2
Nc4 27. Ba1 Nxa3 28. Rc1 Nc4 29. Rc2 Rd3 30. Ra2 b5 31. Nd2 Rxd2+ 32. Rxd2 Nxd2
33. Kxd2 c4 34. Kc2 Kf7 35. Bb2 Nxb2 36. Kxb2 a5 0-1

[Event "Open Hradec Králové 2017"]
[Site "Hradec Králové"]
[Date "2017.10.01"]
[Round "1"]
[White "Jirasek, Pavel"]
[Black "Svec, Ludek"]
[Result "1-0"]
[WhiteElo "2292"]
[BlackElo "1698"]
[PlyCount "35"]
[EventDate "2017.10.01"]

1. e4 c5 2. Nf3 e6 3. c3 Nf6 4. e5 Nd5 5. d4 cxd4 6. cxd4 Nc6 7. Nc3 Be7 8. Bd3
O-O 9. O-O Nxc3 10. bxc3 b6 11. Re1 Bb7 12. h4 Rc8 13. Ng5 Bxg5 14. Bxg5 f6 15.
Qh5 Rf7 16. Bxh7+ Kf8 17. Bc1 d5 18. Bg6 1-0

[Event "Open Hradec Králové 2017"]
[Site "Hradec Králové"]
[Date "2017.10.01"]
[Round "1"]
[White "Vacek, Jaroslav"]
[Black "Grela, Kacper"]
[Result "0-1"]
[WhiteElo "1694"]
[BlackElo "2274"]
[PlyCount "64"]
[EventDate "2017.10.01"]

1. e4 {[%emt 0:00:00]} c5 2. Nf3 Nc6 3. d4 cxd4 4. Nxd4 Nf6 5. Nc3 d6 6. Bb5
Bd7 7. O-O g6 8. Nxc6 bxc6 9. Ba4 Bg7 10. Bd2 O-O 11. Bb3 e6 12. Bg5 Qa5 13.
Qd2 Qc7 14. f3 d5 15. exd5 cxd5 16. Ne2 e5 17. c3 a5 18. Be3 Rab8 19. Rab1 Rfd8
20. Bc2 Be6 21. b3 d4 22. cxd4 exd4 23. Bf4 Qb6 24. Bd3 Rbc8 25. Bg5 Rd7 26.
Bxf6 Bxf6 27. Rfc1 Rdc7 28. Rxc7 Rxc7 29. Qd1 Bf5 30. Rc1 Rc3 31. Nf4 Qc5 32.
Ne2 Bxd3 0-1

[Event "Open Hradec Králové 2017"]
[Site "Hradec Králové"]
[Date "2017.10.01"]
[Round "1"]
[White "Piankov, Evgenij"]
[Black "Ricar-Sen., Jiri"]
[Result "1-0"]
[WhiteElo "2254"]
[BlackElo "1691"]
[PlyCount "87"]
[EventDate "2017.10.01"]

1. d4 {[%emt 0:00:00]} e5 2. dxe5 Nc6 3. Nf3 Qe7 4. g3 Nxe5 5. Bg2 Nxf3+ 6.
Bxf3 c6 7. O-O Nf6 8. e4 Qe5 9. Nc3 Be7 10. Bf4 Qa5 11. e5 Nd5 12. Nxd5 cxd5
13. Qxd5 Qxd5 14. Bxd5 O-O 15. Rfd1 h6 16. Rd3 g5 17. Bd2 Rb8 18. Bg2 b6 19.
Rd1 Rd8 20. Bc3 a5 21. a4 Bb4 22. Bxb4 axb4 23. Rb3 Bb7 24. Rxb4 Bxg2 25. Kxg2
Rb7 26. a5 Rdb8 27. a6 Ra7 28. Ra1 Kf8 29. c4 Ke7 30. Rb5 Kd8 31. c5 Kc7 32.
Rxb6 Rxb6 33. cxb6+ Kxb6 34. Kf3 Ra8 35. a7 Rxa7 36. Rxa7 Kxa7 37. Ke4 Kb6 38.
Kd5 Kc7 39. g4 Kd8 40. Kd6 Ke8 41. Kc7 Ke7 42. b4 Ke6 43. b5 f6 44. b6 1-0

[Event "Open Hradec Králové 2017"]
[Site "Hradec Králové"]
[Date "2017.10.01"]
[Round "1"]
[White "Krasa, Marek"]
[Black "Stein, Robert"]
[Result "0-1"]
[WhiteElo "1684"]
[BlackElo "2253"]
[PlyCount "82"]
[EventDate "2017.10.01"]

1. Nf3 {[%emt 0:00:00]} Nf6 2. d4 e6 3. c4 d5 4. e3 c6 5. Nc3 Nbd7 6. cxd5 exd5
7. Bd3 Bd6 8. O-O O-O 9. Re1 Re8 10. e4 dxe4 11. Nxe4 Nxe4 12. Rxe4 Rxe4 13.
Bxe4 Nf6 14. Bd3 Bg4 15. h3 Bh5 16. Be3 Nd5 17. g4 Bg6 18. Bxg6 hxg6 19. Qb3
Qc7 20. Re1 Rd8 21. Bd2 Bf4 22. Re4 Bxd2 23. Nxd2 Nf6 24. Re2 Rxd4 25. Nf3 Rd8
26. Qa3 Nd5 27. Rd2 a6 28. Qb3 Re8 29. Kf1 Nf4 30. Ng1 Qe5 31. Rd1 Qe4 32. f3
Qe7 33. Qc4 Nd5 34. Rxd5 cxd5 35. Qxd5 Qe1+ 36. Kg2 Rc8 37. Qd3 Qc1 38. Ne2 Qc2
39. Qxc2 Rxc2 40. Kf2 Rxb2 41. a4 Ra2 0-1

[Event "Open Hradec Králové 2017"]
[Site "Hradec Králové"]
[Date "2017.10.01"]
[Round "1"]
[White "Bartos, Jan"]
[Black "Veselsky, Jan"]
[Result "1-0"]
[WhiteElo "2227"]
[BlackElo "1678"]
[PlyCount "72"]
[EventDate "2017.10.01"]

1. d4 {[%emt 0:00:00]} d5 2. c4 e6 3. Nf3 c5 4. cxd5 exd5 5. g3 Nf6 6. Bg2 Nc6
7. O-O Be7 8. dxc5 Bxc5 9. a3 O-O 10. b4 Be7 11. Bb2 a6 12. Nc3 Be6 13. Rc1 d4
14. Na4 Qc7 15. Nxd4 Bd7 16. Nxc6 Bxc6 17. Bxc6 bxc6 18. Qc2 Rac8 19. Bd4 Nd5
20. e4 Nf6 21. Nb6 Rcd8 22. Bxf6 Bxf6 23. Nd5 Qe5 24. Nxf6+ Qxf6 25. Qxc6 Qe5
26. Rfd1 Rde8 27. Qxa6 Qb2 28. Qd3 h6 29. Rb1 Qe5 30. b5 Rb8 31. b6 Qe7 32. a4
Rfd8 33. Qb5 Rdc8 34. a5 Qxe4 35. a6 Re8 36. a7 Rbc8 1-0

[Event "Open Hradec Králové 2017"]
[Site "Hradec Králové"]
[Date "2017.10.01"]
[Round "1"]
[White "Tarimo, Didik Widiarso"]
[Black "Eryshkanova, Anastasia"]
[Result "0-1"]
[WhiteElo "1673"]
[BlackElo "2127"]
[PlyCount "112"]
[EventDate "2017.10.01"]

1. d4 {[%emt 0:00:00]} d5 2. Bf4 Nf6 3. e3 c5 4. Nd2 Nc6 5. c3 e6 6. Bd3 Bd6 7.
Bg3 O-O 8. Ngf3 b6 9. Ne5 Bb7 10. f4 Ne7 11. Qf3 Qc7 12. Bh4 Ne8 13. Qh3 f5 14.
g4 fxg4 15. Qxg4 Nf5 16. Qh3 Be7 17. Bf2 Ned6 18. O-O c4 19. Bc2 b5 20. Kh1 Bf6
21. Ndf3 a5 22. Rg1 Ne4 23. Rg2 b4 24. Rag1 Bxe5 25. Bxe4 Bf6 26. Bxf5 exf5 27.
Qxf5 Kh8 28. Qh5 Qf7 29. Qf5 Bc8 30. Qc2 Qh5 31. Qd1 Bf5 32. Nd2 Qxd1 33. Rxd1
bxc3 34. bxc3 Bd3 35. Be1 Rfe8 36. Rg3 Rab8 37. Rh3 g6 38. Kg1 Rb2 39. Ra1 h5
40. Nf3 Rxe3 41. Ng5 Ree2 42. Nf3 Rg2+ 43. Kh1 Be4 44. Rg3 Rxg3 45. hxg3 Bxf3+
46. Kg1 Be4 47. a3 Be7 48. a4 Rb1 49. Rxb1 Bxb1 50. Kf2 Bc2 51. Ke3 Bxa4 52.
Kd2 Ba3 53. Ke3 Bb2 54. g4 Bc2 55. f5 gxf5 56. g5 a4 0-1

[Event "Open Hradec Králové 2017"]
[Site "Hradec Králové"]
[Date "2017.10.01"]
[Round "1"]
[White "Leutwyler, Mathias"]
[Black "Berger, Volkmar"]
[Result "1-0"]
[WhiteElo "2109"]
[BlackElo "1669"]
[PlyCount "31"]
[EventDate "2017.10.01"]

1. d4 {[%emt 0:00:00]} Nf6 2. Bf4 d5 3. e3 e6 4. Nf3 c5 5. c3 Bd6 6. Bg3 Nc6 7.
Nbd2 Qc7 8. dxc5 Bxg3 9. hxg3 a6 10. Bd3 e5 11. e4 Be6 12. Ng5 Bd7 13. exd5
Nxd5 14. Qf3 Nf6 15. Nde4 O-O-O 16. Nxf6 1-0

[Event "Open Hradec Králové 2017"]
[Site "Hradec Králové"]
[Date "2017.10.01"]
[Round "1"]
[White "Riha, Vojtech"]
[Black "Urban, Marek"]
[Result "1/2-1/2"]
[WhiteElo "2108"]
[BlackElo "1660"]
[PlyCount "112"]
[EventDate "2017.10.01"]

1. e4 c5 2. b4 d6 3. Bb2 Nc6 4. b5 Nd4 5. c3 Ne6 6. d4 Bd7 7. d5 Nc7 8. c4 e5
9. g3 Nf6 10. Bg2 Be7 11. Ne2 Bg4 12. h3 Bh5 13. O-O O-O 14. Nd2 a6 15. a4 Nd7
16. g4 Bg6 17. Ng3 Ne8 18. Bc3 b6 19. Qb3 a5 20. Kh1 Bf6 21. Rg1 h6 22. Nf3 Kh8
23. Bd2 Rg8 24. Qd3 Nf8 25. Be3 Nh7 26. Qd2 Ra7 27. Kh2 Rd7 28. Bf1 Rf8 29. Be2
Be7 30. Rg2 Nef6 31. Bd3 Ng8 32. Rh1 Bh4 33. Nxh4 Qxh4 34. Nf5 Qd8 35. h4 Bxf5
36. exf5 Qxh4+ 37. Kg1 Qe7 38. f6 Qxf6 39. g5 Qe7 40. Bf5 Rc7 41. Bxh7 Kxh7 42.
Qc2+ e4 43. Rh4 Re8 44. f3 f5 45. gxf6 Qxf6 46. Rxe4 Rxe4 47. fxe4 Qa1+ 48. Bc1
Qd4+ 49. Kh1 Qe5 50. Bb2 Qh5+ 51. Kg1 Kh8 52. Qc3 Qd1+ 53. Kh2 Qh5+ 54. Kg1 Nf6
55. Qg3 Qd1+ 56. Kh2 Qh5+ 1/2-1/2

[Event "Open Hradec Králové 2017"]
[Site "Hradec Králové"]
[Date "2017.10.01"]
[Round "1"]
[White "Gurack, Daniel"]
[Black "Tichy, Vaclav"]
[Result "1-0"]
[WhiteElo "2075"]
[BlackElo "1594"]
[PlyCount "55"]
[EventDate "2017.10.01"]

1. e4 c5 2. d4 cxd4 3. c3 d6 4. cxd4 Nf6 5. Nc3 g6 6. Nf3 Bg7 7. h3 a6 8. Be2
b5 9. O-O Bb7 10. e5 Ne4 11. Bf4 O-O 12. Rc1 d5 13. Bd3 f5 14. Qb3 e6 15. a4
Nc6 16. axb5 Na5 17. Qd1 Nxc3 18. Rxc3 axb5 19. Bxb5 Qb6 20. Qe2 Nc6 21. Bxc6
Bxc6 22. Rfc1 Bb5 23. Qe3 Ra2 24. Bh6 Rxb2 25. Rc7 Rf7 26. Rxf7 Kxf7 27. Ng5+
Kg8 28. Qa3 1-0

[Event "Open Hradec Králové 2017"]
[Site "Hradec Králové"]
[Date "2017.10.01"]
[Round "1"]
[White "Malinovsky, Petr"]
[Black "Zdechovsky, Tobias"]
[Result "1-0"]
[WhiteElo "2027"]
[BlackElo "1590"]
[PlyCount "47"]
[EventDate "2017.10.01"]

1. d4 Nf6 2. c4 g6 3. f3 d5 4. cxd5 Bg7 5. e4 h6 6. Be3 e6 7. Qd2 g5 8. h3 Nh5
9. Ne2 Qd6 10. Nbc3 b5 11. O-O-O b4 12. Na4 Bd7 13. Nc5 e5 14. Kb1 Bb5 15. g4
Bxe2 16. Bxe2 Ng3 17. Bb5+ c6 18. dxc6 Nxh1 19. c7+ Nc6 20. d5 O-O 21. Bxc6
Rac8 22. Rxh1 Rxc7 23. h4 Rb8 24. Na6 1-0

[Event "Open Hradec Králové 2017"]
[Site "Hradec Králové"]
[Date "2017.10.01"]
[Round "1"]
[White "Kirs, Pavel"]
[Black "Wolf, Andreas"]
[Result "0-1"]
[WhiteElo "1587"]
[BlackElo "2006"]
[PlyCount "52"]
[EventDate "2017.10.01"]

1. e4 {[%emt 0:00:00]} c5 2. Nf3 e6 3. d4 cxd4 4. Nxd4 Nf6 5. Nc3 d6 6. Bg5 a6
7. a4 Be7 8. Be2 O-O 9. O-O Bd7 10. Qd2 Qc7 11. Kh1 Nc6 12. Nxc6 Bxc6 13. f3
Rfd8 14. Qe3 h6 15. Bh4 Ng4 16. Qf4 Bxh4 17. Qxg4 Bf6 18. Ra3 Qa5 19. Nd1 d5
20. exd5 Rxd5 21. b4 Qd8 22. Bd3 Rd4 23. Qh5 Rh4 24. Qc5 Bd4 25. Qc4 Rxh2+ 26.
Kxh2 Qh4# 0-1

[Event "Open Hradec Králové 2017"]
[Site "Hradec Králové"]
[Date "2017.10.01"]
[Round "1"]
[White "Belus, Benjamin"]
[Black "Krueger, Thomas"]
[Result "1-0"]
[WhiteElo "1941"]
[BlackElo "1582"]
[PlyCount "33"]
[EventDate "2017.10.01"]

1. e4 {[%emt 0:00:00]} d5 2. exd5 Nf6 3. d4 Nxd5 4. c4 Nf6 5. Nc3 e6 6. Nf3 Be7
7. Bd3 Nc6 8. Bc2 O-O 9. a3 Re8 10. Qd3 Bf8 11. Bg5 g6 12. Ne4 Bg7 13. h4 Nb8
14. Ne5 h6 15. Nxf6+ Bxf6 16. Nxf7 Kxf7 17. Qxg6+ 1-0

[Event "Open Hradec Králové 2017"]
[Site "Hradec Králové"]
[Date "2017.10.01"]
[Round "1"]
[White "Norlander, Svante"]
[Black "Gloser, David"]
[Result "1-0"]
[WhiteElo "1578"]
[BlackElo "1941"]
[PlyCount "85"]
[EventDate "2017.10.01"]

1. d4 Nf6 2. c4 g6 3. Nc3 d5 4. cxd5 Nxd5 5. Nf3 Bg7 6. g3 c5 7. Bg2 Nxc3 8.
bxc3 Nc6 9. e3 O-O 10. O-O Qc7 11. Qe2 Rd8 12. Bd2 cxd4 13. cxd4 e5 14. dxe5
Nxe5 15. Nxe5 Bxe5 16. Rac1 Qe7 17. Ba5 Re8 18. Rfd1 Qa3 19. Qb5 Bg4 20. Re1 a6
21. Qd5 b5 22. Qd2 Rab8 23. Bb4 Qa4 24. Bc6 Red8 25. Bd5 Be6 26. e4 Bd6 27. Rb1
Bxd5 28. exd5 Bxb4 29. Rxb4 Qa3 30. Re7 a5 31. Qf4 Rf8 32. Rbe4 Qxa2 33. d6 b4
34. d7 Rbd8 35. Qd6 Qa4 36. h4 Qb5 37. h5 b3 38. R4e5 Qb7 39. hxg6 hxg6 40.
Rxf7 Rxf7 41. Qxg6+ Kf8 42. Qh6+ Rg7 43. Qf6+ 1-0

[Event "Open Hradec Králové 2017"]
[Site "Hradec Králové"]
[Date "2017.10.01"]
[Round "1"]
[White "Kuru, Martin"]
[Black "Ruzicka, Vaclav"]
[Result "1/2-1/2"]
[WhiteElo "1927"]
[BlackElo "1528"]
[PlyCount "158"]
[EventDate "2017.10.01"]

1. d4 {[%emt 0:00:00]} Nf6 2. Bg5 Ne4 3. Bf4 Nf6 4. Nf3 d6 5. e3 Nbd7 6. Bd3
Nh5 7. Bg5 h6 8. Bh4 g5 9. Bg3 Nxg3 10. hxg3 Bg7 11. c4 e5 12. Nc3 c6 13. dxe5
Nxe5 14. Nxe5 dxe5 15. Qc2 Be6 16. O-O-O Qc7 17. Be2 Ke7 18. Qa4 f5 19. Qa3+
Kf6 20. g4 Qe7 21. Qxe7+ Kxe7 22. gxf5 Bxf5 23. g4 Bg6 24. Bd3 Bxd3 25. Rxd3
Rhd8 26. Rhd1 Rxd3 27. Rxd3 Rf8 28. Ne4 b6 29. Kd2 Rd8 30. Rxd8 Kxd8 31. Nd6
Kd7 32. Nf5 Bf8 33. Kd3 Ke6 34. a3 a5 35. Ke4 b5 36. cxb5 cxb5 37. f3 a4 38.
Ng3 b4 39. axb4 Bxb4 40. Kd3 Kd5 41. Ne2 a3 42. bxa3 Bxa3 43. Nc3+ Ke6 44. Ke4
Be7 45. Nd5 Bd8 46. Nc3 Be7 47. Kd3 Bb4 48. Na2 Bf8 49. e4 Kd6 50. Kc4 Kc6 51.
Nc3 Be7 52. Nd5 Bd8 53. Nb4+ Kd6 54. Kb5 Bc7 55. Nd3 Bd8 56. Nb2 Ke6 57. Kc4
Bf6 58. Na4 Bd8 59. Nc5+ Kf6 60. Kd5 Kg6 61. Kxe5 h5 62. gxh5+ Kxh5 63. Kf5 Kh6
64. Nd7 Kh5 65. Nb8 Kh4 66. Nc6 Bb6 67. e5 Kg3 68. Kxg5 Kxf3 69. Kf5 Bc5 70. e6
Ke3 71. Ke5 Ba3 72. Nd8 Kf3 73. Nf7 Bf8 74. Nh8 Kg4 75. Ng6 Ba3 76. Kf6 Kh5 77.
Nf4+ Kg4 78. Nd5 Kf3 79. Ne7 Ke4 1/2-1/2

[Event "Open Hradec Králové 2017"]
[Site "Hradec Králové"]
[Date "2017.10.01"]
[Round "1"]
[White "Mathisen, Runar"]
[Black "Kutek, Jiri"]
[Result "1/2-1/2"]
[WhiteElo "1870"]
[BlackElo "1485"]
[PlyCount "43"]
[EventDate "2017.10.01"]

1. e4 {[%emt 0:00:00]} c5 2. Nf3 Nc6 3. Bb5 a6 4. Bxc6 bxc6 5. d3 g6 6. Be3 d6
7. c3 Bg7 8. O-O Nf6 9. h3 O-O 10. Nh2 a5 11. f4 c4 12. Re1 cxd3 13. Qxd3 Ba6
14. Qc2 c5 15. Nd2 Qb6 16. Rab1 Qc6 17. c4 Bb7 18. Bf2 Nh5 19. g3 f5 20. Nhf3
fxe4 21. Qxe4 Qd7 22. Qe6+ 1/2-1/2

[Event "Open Hradec Králové 2017"]
[Site "Hradec Králové"]
[Date "2017.10.01"]
[Round "1"]
[White "Sulot, Zdzislaw"]
[Black "Roessel, Louis"]
[Result "0-1"]
[WhiteElo "1424"]
[BlackElo "1831"]
[PlyCount "86"]
[EventDate "2017.10.01"]

1. e4 {[%emt 0:00:00]} c5 2. Bc4 d6 3. d3 Nc6 4. h3 a6 5. a3 g6 6. Bf4 Bg7 7.
c3 e5 8. Bh2 Nge7 9. Nf3 O-O 10. O-O h6 11. Nbd2 Kh7 12. b4 b5 13. Bb3 Bb7 14.
Nh4 cxb4 15. axb4 f5 16. exf5 Nxf5 17. Nhf3 Nh4 18. Nxh4 Qxh4 19. Bd5 Qe7 20.
Ne4 Nd8 21. Bb3 Ne6 22. Bxe6 Qxe6 23. f3 Rac8 24. Ra3 Rfd8 25. Ng3 d5 26. Re1
d4 27. cxd4 Rxd4 28. Ne4 Rxb4 29. Qd2 Qe7 30. Nf2 Rd4 31. Rb3 Qc5 32. Kh1 h5
33. Qg5 Rd7 34. Bg3 a5 35. Ne4 Bxe4 36. Rxe4 Qc1+ 37. Qxc1 Rxc1+ 38. Kh2 Rc5
39. f4 exf4 40. Bxf4 b4 41. d4 Rxd4 42. Rxd4 Bxd4 43. Rd3 Be5 0-1

[Event "Open Hradec Králové 2017"]
[Site "Hradec Králové"]
[Date "2017.10.01"]
[Round "1"]
[White "Jaworski, Tymon"]
[Black "Bartos, Karel"]
[Result "1/2-1/2"]
[WhiteElo "1328"]
[BlackElo "1816"]
[PlyCount "62"]
[EventDate "2017.10.01"]

1. e4 e5 2. Nf3 Nc6 3. d4 exd4 4. Nxd4 Bc5 5. Be3 Qf6 6. c3 Nge7 7. Qf3 Qxf3 8.
gxf3 d6 9. Nxc6 Nxc6 10. Bxc5 dxc5 11. f4 Be6 12. Nd2 O-O 13. Bb5 Ne7 14. f5
Bc8 15. a4 a6 16. Bc4 Re8 17. O-O Nc6 18. f4 Bd7 19. Rfe1 Re7 20. Bb3 Rae8 21.
Kf2 Na5 22. Bc2 Bc8 23. Rad1 Rd8 24. b3 Red7 25. Nf3 Rxd1 26. Rxd1 Rxd1 27.
Bxd1 Nc6 28. Ne5 Nxe5 29. fxe5 Bd7 30. Ke3 Kf8 31. Kf4 Ke7 1/2-1/2

[Event "Open Hradec Králové 2017"]
[Site "Hradec Králové"]
[Date "2017.10.02"]
[Round "2"]
[White "Geller, Jakov"]
[Black "Nemec, Otakar"]
[Result "1-0"]
[WhiteElo "2526"]
[BlackElo "1885"]
[PlyCount "101"]
[EventDate "2017.10.01"]

1. c4 {[%emt 0:00:00]} Nf6 2. g3 c6 3. Bg2 d5 4. Nf3 g6 5. b3 Bg7 6. Bb2 O-O 7.
O-O b6 8. d4 Bb7 9. Nc3 Nbd7 10. cxd5 cxd5 11. Rc1 Rc8 12. a4 a6 13. Ba3 Re8
14. Ne5 e6 15. f4 Nxe5 16. dxe5 Ne4 17. Nxe4 dxe4 18. Rxc8 Qxc8 19. Qd4 Qd8 20.
Rd1 Qxd4+ 21. Rxd4 Bd5 22. Bxe4 Bxb3 23. Bc6 Rb8 24. Rd7 Bf8 25. Bd6 Rc8 26.
Bb7 Re8 27. Bxa6 Bxa4 28. Rb7 b5 29. Bxb5 Bxb5 30. Rxb5 Rd8 31. Rb6 h5 32. Kf2
Ra8 33. Ke3 Kg7 34. Kd4 Rc8 35. Ra6 Kg8 36. Ra7 Kg7 37. Rd7 Kg8 38. h3 Bg7 39.
g4 hxg4 40. hxg4 Bh6 41. e3 Bg7 42. Be7 Bf8 43. Bf6 Bg7 44. Rb7 Ra8 45. Kc5 Ra3
46. Rb8+ Kh7 47. Kd6 Rxe3 48. Ke7 Rf3 49. Kxf7 Rxf4 50. g5 Rf5 51. Rb1 1-0

[Event "Open Hradec Králové 2017"]
[Site "Hradec Králové"]
[Date "2017.10.02"]
[Round "2"]
[White "Zochowski, Janusz"]
[Black "Plischki, Sebastian"]
[Result "0-1"]
[WhiteElo "1926"]
[BlackElo "2397"]
[PlyCount "58"]
[EventDate "2017.10.01"]

1. e4 c5 2. Nf3 e6 3. d4 cxd4 4. Nxd4 a6 5. Bd3 Ne7 6. Nc3 Nec6 7. Nf3 d6 8.
O-O Be7 9. Bf4 Nd7 10. Qd2 O-O 11. Rfd1 Qc7 12. Be2 Nde5 13. Nd4 b5 14. a4 b4
15. Na2 Nxd4 16. Qxd4 Qxc2 17. Rd2 Nc6 18. Qe3 Qxa4 19. Bxd6 Bxd6 20. Rxd6 Bb7
21. Qb6 Rab8 22. Bd1 b3 23. Bxb3 Qxe4 24. Nc3 Qe5 25. Rd2 Ba8 26. Qxa6 Rxb3 27.
Qxa8 Rxa8 28. Rxa8+ Rb8 29. Rxb8+ Qxb8 0-1

[Event "Open Hradec Králové 2017"]
[Site "Hradec Králové"]
[Date "2017.10.02"]
[Round "2"]
[White "Swicarz, Maciej"]
[Black "Kalveus, Jan"]
[Result "1-0"]
[WhiteElo "2363"]
[BlackElo "1867"]
[PlyCount "77"]
[EventDate "2017.10.01"]

1. c4 {[%emt 0:00:00]} f5 2. d4 Nf6 3. g3 c6 4. Bg2 e6 5. Nh3 d5 6. O-O Bd6 7.
Bf4 O-O 8. Qc2 Na6 9. Nd2 Nc7 10. Rad1 Nce8 11. f3 Bxf4 12. Nxf4 Nd6 13. b3 Nf7
14. Qb2 Qb6 15. Kh1 Bd7 16. Nd3 Rfe8 17. e4 fxe4 18. fxe4 e5 19. dxe5 Ng4 20.
e6 Rxe6 21. cxd5 Rh6 22. h4 Ne3 23. Rxf7 Kxf7 24. Ne5+ Kg8 25. Re1 Nxg2 26.
Kxg2 Qc7 27. Ndc4 cxd5 28. exd5 Rf8 29. a4 Rhf6 30. Qd4 Qc8 31. Kg1 Bh3 32. d6
Qf5 33. d7 Qc2 34. Nd2 Qc7 35. Ne4 Re6 36. Nc5 Rd6 37. Qc4+ Kh8 38. Nf7+ Rxf7
39. Re8+ 1-0

[Event "Open Hradec Králové 2017"]
[Site "Hradec Králové"]
[Date "2017.10.02"]
[Round "2"]
[White "Freeland, Alex"]
[Black "Michel, Ladislav"]
[Result "1-0"]
[WhiteElo "2034"]
[BlackElo "1803"]
[PlyCount "59"]
[EventDate "2017.10.01"]

1. c4 c6 2. e4 d6 3. d4 Nd7 4. Nc3 h6 5. Nf3 g5 6. h3 Bg7 7. Be3 Nf8 8. Bd3 Ne6
9. Qd2 Nf6 10. Bc2 Qa5 11. a3 g4 12. Nh4 gxh3 13. Nf5 hxg2 14. Rg1 Ng4 15. b4
Qc7 16. Rxg2 Nxe3 17. Qxe3 Bf8 18. f4 a5 19. Ba4 Bd7 20. d5 Nd8 21. c5 Bxf5 22.
exf5 Kd7 23. cxd6 exd6 24. Qd4 Rh7 25. Rg8 b5 26. Nxb5 cxb5 27. Bxb5+ Ke7 28.
Qe3+ Kf6 29. Qd4+ Ke7 30. f6# 1-0

[Event "Open Hradec Králové 2017"]
[Site "Hradec Králové"]
[Date "2017.10.02"]
[Round "2"]
[White "Grela, Kacper"]
[Black "Stolyarsky, Yegor"]
[Result "1-0"]
[WhiteElo "2274"]
[BlackElo "1856"]
[PlyCount "45"]
[EventDate "2017.10.01"]

1. d4 {[%emt 0:00:00]} Nf6 2. c4 g6 3. Nc3 Bg7 4. e4 d6 5. Nf3 O-O 6. Be2 e5 7.
O-O Nbd7 8. Qc2 Re8 9. Rd1 exd4 10. Nxd4 Nc5 11. f3 c6 12. Be3 Qc7 13. Qd2 Bd7
14. b4 Ne6 15. Rac1 Rad8 16. a4 Nxd4 17. Bxd4 c5 18. Bxf6 Bxf6 19. Nd5 Bd4+ 20.
Qxd4 cxd4 21. Nxc7 Re5 22. Rxd4 Bxa4 23. f4 1-0

[Event "Open Hradec Králové 2017"]
[Site "Hradec Králové"]
[Date "2017.10.02"]
[Round "2"]
[White "Portych, Vaclav"]
[Black "Piankov, Evgenij"]
[Result "0-1"]
[WhiteElo "1869"]
[BlackElo "2254"]
[PlyCount "38"]
[EventDate "2017.10.01"]

1. c4 {[%emt 0:00:00]} c6 2. Nf3 d5 3. cxd5 cxd5 4. e3 Nc6 5. d4 Nf6 6. g3 Bf5
7. Bg2 e6 8. O-O Bd6 9. Nc3 O-O 10. Nb5 Be7 11. b3 Nb4 12. Ne1 Qa5 13. a4 a6
14. Na3 Rac8 15. Bd2 Qb6 16. Bxb4 Bxb4 17. Nd3 Rc3 18. Nc1 Rfc8 19. Re1 Bxa3
0-1

[Event "Open Hradec Králové 2017"]
[Site "Hradec Králové"]
[Date "2017.10.02"]
[Round "2"]
[White "Stein, Robert"]
[Black "Majerik, Vladimir"]
[Result "1-0"]
[WhiteElo "2253"]
[BlackElo "1826"]
[PlyCount "59"]
[EventDate "2017.10.01"]

1. d4 d5 2. c4 c6 3. Nf3 Nf6 4. e3 Bg4 5. Qb3 Qb6 6. Nc3 e6 7. Nh4 Be7 8. h3
Bh5 9. g4 Bg6 10. Nxg6 hxg6 11. Bg2 Na6 12. Bd2 O-O-O 13. Qa4 dxc4 14. Qxc4 Qb4
15. Qe2 Qd6 16. a3 Rhe8 17. b4 Nc7 18. b5 c5 19. Qf3 Nfd5 20. dxc5 Qxc5 21. O-O
Bf6 22. Rfc1 Qe7 23. Rab1 Kb8 24. Ne4 Na8 25. Qg3+ e5 26. g5 Qxa3 27. gxf6 gxf6
28. Qf3 Rd7 29. Nxf6 Nxf6 30. Bb4 1-0

[Event "Open Hradec Králové 2017"]
[Site "Hradec Králové"]
[Date "2017.10.02"]
[Round "2"]
[White "Hassemeier, Mika"]
[Black "Bartos, Jan"]
[Result "0-1"]
[WhiteElo "1864"]
[BlackElo "2227"]
[PlyCount "58"]
[EventDate "2017.10.01"]

1. Nf3 {[%emt 0:00:00]} g6 2. g3 Bg7 3. Bg2 d5 4. O-O e5 5. c4 d4 6. d3 Nc6 7.
a3 a5 8. e3 dxe3 9. fxe3 Nge7 10. Nc3 Kf8 11. Qc2 Bf5 12. e4 Bg4 13. Be3 Nd4
14. Bxd4 exd4 15. Nd1 Qc8 16. Nf2 Bd7 17. b4 f5 18. Rab1 fxe4 19. dxe4 axb4 20.
axb4 Ra3 21. Nd2 Rc3 22. Qa2 Be6 23. b5 d3 24. Rbc1 Qd7 25. Qa4 Rxc1 26. Rxc1
Bd4 27. Bf3 Be3 28. Kg2 Bxd2 29. Rd1 Bh6 0-1

[Event "Open Hradec Králové 2017"]
[Site "Hradec Králové"]
[Date "2017.10.02"]
[Round "2"]
[White "Eryshkanova, Anastasia"]
[Black "Gronde, Benedikt"]
[Result "1-0"]
[WhiteElo "2127"]
[BlackElo "1820"]
[PlyCount "79"]
[EventDate "2017.10.01"]

1. Nf3 d5 2. g3 Nf6 3. Bg2 Bf5 4. c4 e6 5. cxd5 exd5 6. O-O Be7 7. d3 O-O 8.
Qc2 Nbd7 9. a3 Re8 10. h3 Bd6 11. Nh4 Bg6 12. Nxg6 hxg6 13. e4 c6 14. Nc3 dxe4
15. dxe4 Qe7 16. Re1 Nh7 17. b4 a5 18. b5 cxb5 19. Nxb5 Rac8 20. Qe2 Nc5 21.
Nxd6 Qxd6 22. Bf4 Qd3 23. Qxd3 Nxd3 24. Reb1 Nxf4 25. gxf4 g5 26. fxg5 Nxg5 27.
Rxb7 Nxe4 28. Rd1 Nf6 29. Rb5 Rc2 30. Rxa5 Ra2 31. Ra4 Rc8 32. Bd5 Nxd5 33.
Rxd5 g6 34. Rd7 Rc5 35. Rf4 Rg5+ 36. Kh2 Rxa3 37. Rdxf7 Ra8 38. h4 Rc5 39. R7f6
g5 40. Rg6+ 1-0